00695nam a2200205Ia 4500952014900000999001700149003000400166005001700170008004100187020001500228040000900243082001800252100002200270245006500292250001200357260005700369300000900426650001200435942004200447 00102ddc40708PHYSICSaMESbMEScPHYd2019-02-20g185.00l9m15o530.41 PIL/Pp28651r2026-01-19 10:20:37s2025-12-01w2019-02-20yBKzGL12R1 c33883d33883OSt20200824111359.0190216s9999||||xx |||||||||||||| ||und|| a8122412351 coclc a530.41bPIL/P aPillai, S O94294 0a Problems And Solutions In Solid State Physics /cS O Pillai a2nd Ed. bNew Age International Publishers,c2001.aNew Delhi: a454p aPhysics cBK2ddch530.41iPIL/Pk530.41mPIL/P